00359nam a2200145Ia 4500008004100000020001500041041001200056082001100068100002000079245005700099260002500156300000800181650001500189700000900204221030s9999 xx 000 0 und d a8180545405 aEnglish a105.23 aH. Bhattacharya 0aWorking Capital Managementcby H. Bhattacharya, wari bPHIaNew Delhic2010 a844 aManagement awari